000 00998cam a2200277 a 4500
999 _c528092
_d528092
001 3900440
003 NUST
005 20190828065316.0
008 900912s1990 dcua b 001 0 eng
010 _a 90623280
020 _a1560510013
038 _aM.Ramzan
040 _aDLC
_cDLC
_dDLC
043 _an-us---
050 0 0 _aTE175
_b.A54 1990
082 0 0 _a625.7/25/0973
_220
_bAAS
110 2 _aAmerican Association of State Highway and Transportation Officials.
_919553
245 1 2 _aA policy on geometric design of highways and streets, 1990.
260 _aWashington, D.C. :
_bAmerican Association of State Highway and Transportation Officials,
_cc1990.
300 _axliv, 1044 p. :
_bill. ;
_c24 cm.
504 _aIncludes bibliographical references and index.
650 0 _aRoads
_zUnited States
_xDesign and construction.
_919649
906 _a7
_bcbc
_corignew
_d2
_encip
_f19
_gy-gencatlg
942 _2ddc
_cBK